Normal view
MARC view
- ELECTRIC POWER SYSTEMS.ELECTRIC ENERGY-ENVIRONMENT.POWER SYSTEM NETWORKS.AC TRANSMISSION LINES.UNMDERGROUND CABLES.HIGH VOLTAGE DC HVDC TRANSMISSION SYSTEMS.VOLTAGE REGULATION AND STABILITY IN POWER SYSTEMS
Entry Topical Term
001 - CONTROL NUMBER
- control field: 68673
003 - CONTROL NUMBER IDENTIFIER
- control field: NUST
005 - DATE AND TIME OF LATEST TRANSACTION
- control field: 20210628204103.0
008 - FIXED-LENGTH DATA ELEMENTS
- fixed length control field: 210628|| aca||aabn | a|a d
040 ## - CATALOGING SOURCE
- Original cataloging agency: NUST
- Transcribing agency: NUST
150 ## - HEADING--TOPICAL TERM
- Topical term or geographic name entry element: ELECTRIC POWER SYSTEMS.ELECTRIC ENERGY-ENVIRONMENT.POWER SYSTEM NETWORKS.AC TRANSMISSION LINES.UNMDERGROUND CABLES.HIGH VOLTAGE DC HVDC TRANSMISSION SYSTEMS.VOLTAGE REGULATION AND STABILITY IN POWER SYSTEMS
670 ## - SOURCE DATA FOUND
- Source citation: Work cat.: (NUST): Mohan, Ned 68672, Electric power systems , a first course, 2012
